000 00682nam a2200193Ia 4500
003 GCL
008 140319s9999 xx 000 0 ara d
040 _aGCL /
_cGCL
082 0 4 _a253.902
_bم و
100 1 _aمحمد الدسوقى
245 1 0 _aالوقف ودوره فى تنمية المجتمع الاسلامى /
_cمحمد الدسوقى
260 _aالقاهرة :
_bالمجلس الاعلى الشئون الاسلامية ،
_c2000
300 _a102 ص ؛
_c15 سم
490 _aقضايا اسلامية
_v64
650 0 4 _aالوقف
650 0 4 _aالمجتمعات الاسلامية
650 0 4 _aالمعاملات (فقه أسلامى)
942 _2ddc
_cBK
999 _c2841
_d2841